Podvodné konanie a jeho vplyv na odpočet DPH
Legálne možnosti stanovené režimom DPH a zistenie podvodu na DPH s vplyvom na odpočet DPH. Predpoklady na odpočítanie DPH: smernica Rady 2006/112/ES o spoločnom systéme DPH a zákon č. 222/2004 Z. z. o dani z pridanej hodnoty. Problematika faktúry ako dôkazu. Ustálené názory Súdneho dvora Európskej ú...
Salvato in:
| Autore principale: | |
|---|---|
| Natura: | Capitolo di libro |
| Lingua: | slovacco |
| Soggetti: | |
| Tags: |
Nessun Tag, puoi essere il primo ad aggiungerne!!
|
MARC
| LEADER | 00000naa a2200000 4500 | ||
|---|---|---|---|
| 001 | 0278115 | ||
| 005 | 20210903145811.3 | ||
| 041 | 0 | |a slo | |
| 044 | |a SK | ||
| 245 | 1 | 0 | |a Podvodné konanie a jeho vplyv na odpočet DPH |c Jaroslava Betáková |
| 520 | |a Legálne možnosti stanovené režimom DPH a zistenie podvodu na DPH s vplyvom na odpočet DPH. Predpoklady na odpočítanie DPH: smernica Rady 2006/112/ES o spoločnom systéme DPH a zákon č. 222/2004 Z. z. o dani z pridanej hodnoty. Problematika faktúry ako dôkazu. Ustálené názory Súdneho dvora Európskej únie v predmetnej téme. Priblíženie prípadov z praxe – plnenie poznačené podvodom. | ||
| 610 | 2 | 0 | |a dane z hodnoty pridanej |
| 610 | 2 | 0 | |a podvody daňové |
| 610 | 2 | 0 | |a únik daňový |
| 610 | 2 | 0 | |a právo daňové |
| 610 | 2 | 0 | |a smernice |
| 610 | 2 | 0 | |a Súdny dvor Európskej únie |
| 610 | 2 | 0 | |a Európska únia |
| 610 | 2 | 0 | |a Slovensko |
| 100 | 1 | |a Betáková, Jaroslava | |